• 首页
  • 本馆介绍
  • 公告通知
  • 最新文献
  • 馆藏检索
  • 电子资源
  • 读者导购
  • 参考咨询
  • 我的图书馆
  • 登录
  • 详细信息显示
  • 放入我的书架
  • 预约/预借图书
  • 作者相关作品
  • 分类相关作品
  • 丛书相关作品
  • 出版社相关作品

书目信息

  • 表格格式
  • 工作单格式
  • 卡片格式
题名:
社会主义的政治制度
    
 
作者: 托波尔宁 著 ;黄中华 译
分册:  
出版信息: 北京   群众出版社  1986
页数: 217页
开本: 19cm
丛书名:
单 册:
中图分类: D751.221
科图分类:
主题词: 政治制度--苏联
电子资源:
ISBN:
000 00713nam0 2200241 45
001 0186020008
005 20050627160127.7
010    @dCNY1.35
091    @a3067.262
100    @a19900802d1986 kemy0chiy0121 ea
101 1  @achi@crus
102    @aCN@b110000
105    @ay z 000yy
200 10 @a社会主义的政治制度@Ashe hui zhu yi de zheng zhi zhi du@f(苏)Б·Н·托波尔宁著@F(Su)Б·Н·Tuo Bo Er Ning Zhu@g黄中华译
210    @a北京@c群众出版社@d1986
215    @a217页@d19cm
606    @a政治制度@x苏联
690    @aD751.221@v3
701  0 @a托波尔宁@4著
702  0 @a黄中华@Ahuang zhong hua@4译
801  0 @aCN@b深圳图书馆@c20040425
801  2 @aCN@bNLC@c20040425
905    @dD751.221@e90@b158696@f1
    
    社会主义的政治制度/(苏)Б·Н·托波尔宁著/黄中华译.-北京:群众出版社,1986
    217页;19cm
    
    
    ISBN :CNY1.35
    
●
相关链接 在E读中查询图书 在五车中查询图书 在当当中查询图书 在豆瓣中查询图书


正题名:社会主义的政治制度     索取号:D751.221/90         预约/预借

序号 登录号 条形码 馆藏地/架位号 状态 备注
1 0158694   001014707   第一借阅区/ [索取号:D751.221/90] 在馆    
2 0158695   001014716   第一借阅区/ [索取号:D751.221/90] 在馆    
唐山师范学院图书馆 欢迎您!
大连网信软件有限公司© 版权所有